[Event "ISR-ch op"]
[Site "Acre"]
[Date "2024.01.21"]
[Round "1"]
[White "Leor, Ephraim"]
[Black "Ljubarov, Mark"]
[Result "0-1"]
[WhiteElo "1536"]
[BlackElo "2305"]
[PlyCount "86"]
[EventDate "2024.01.21"]
[EventType "swiss"]
[EventRounds "9"]
[EventCountry "ISR"]
[SourceTitle "CB05_2024"]
[SourceDate "2024.01.31"]
[SourceVersion "1"]
[SourceVersionDate "2024.01.31"]
[SourceQuality "1"]

1. Nf3 Nf6 2. c4 e6 3. g3 d5 4. d4 c5 5. e3 Nc6 6. Bg2 cxd4 7. exd4 dxc4 8. 0-0 Bd7 9. Na3 Bxa3 10. bxa3 0-0 11. Bb2 Rc8 12. Ne5 Nxe5 13. dxe5 Nd5 14. Bxd5 exd5 15. Qd4 Bf5 16. Bc3 Be4 17. e6 Qg5 18. f4 Qf6 19. Qxe4 dxe4 20. Bxf6 gxf6 21. f5 Rfe8 22. Rfe1 fxe6 23. Rxe4 exf5 24. Rf4 Rc5 25. Raf1 Kf7 26. Rxf5 Rxf5 27. Rxf5 Rc8 28. Rf2 Ke6 29. Kf1 c3 30. Rc2 Ke5 31. Ke1 Ke4 32. Kd1 Kd3 33. Rf2 Re8 34. Rf3+ Re3 35. Rf1 c2+ 36. Kc1 Kc3 37. g4 b5 38. h4 Rd3 39. g5 fxg5 40. hxg5 Rd1+ 41. Rxd1 cxd1Q+ 42. Kxd1 Kb2 43. a4 b4 0-1